¿Vivimos en un país estable? (Segunda parte)

שמור ב:
מידע ביבליוגרפי
פורמט: Texto
נושאים:
תגים: הוספת תג
אין תגיות, היה/י הראשונ/ה לתייג את הרשומה!

MARC

LEADER 00000 a a2200000 04500
001 6408
003
040
245 |a ¿Vivimos en un país estable? (Segunda parte)  
650 |a ESTABILIDAD POLITICA  
650 |a DEMOCRACIA  
650 |a PROBLEMAS SOCIALES  
773 |g volumen 21, número 928; páginas 11-13  
999 |c 24517  |d 24517